| 000 | 00996nam a22002417a 4500 | ||
|---|---|---|---|
| 003 | AR-BeUNQ | ||
| 005 | 20230928165200.0 | ||
| 008 | 180417b xxu||||| |||| 00| 0 spa d | ||
| 020 | _a9789500010979 | ||
| 040 |
_aAR-BeUNQ _bspa _eaacr _cAR-BeUNQ |
||
| 082 |
_a940/HIS _221 |
||
| 110 |
_aArgentina. Ministerio de Educación de la Nación _bCoordinadora Pedagǵogica de la Dirección Nacional de Fortalecimiento y ampliación de Derechos Educativos |
||
| 245 |
_aHistoria Mundial Contemporánea _cMinisterio de Educacion de la Nación |
||
| 250 | _a1a.ed. | ||
| 260 |
_aCABA : _bMinisterio de Educacion de la Nación, _c2015 |
||
| 300 |
_a200p. ; _bil. ; _c29 cm |
||
| 490 | _aQuiero estudiar Fines | ||
| 505 |
_a-actividad, actividad integradora, Más info, Pistas, para consultar en el diccionario _gFragmentos de textos, notas periodisticas y diversas fuentes |
||
| 650 |
_2tell _aHistoria |
||
| 651 |
_aAmerica y Europa 1900-2000 _2spines |
||
| 929 |
_aDONACION _bM.E _j56876 |
||
| 942 |
_cLIB _n0 |
||
| 999 |
_c181 _d181 |
||